000 00583cam a22002053a 4500
001 45381
003 PGUSA
005 20140828084041.0
008 140414s2014||||xxu|||||s|||||000 | eng d
040 _aPGUSA
_beng
042 _adc
245 1 4 _aThe Popular Story of Blue Beard :
_bEmbellished with neat Engravings
_h[electronic resource]
260 _bProject Gutenberg,
_c2014
506 _aPublic domain in the USA.
516 _aElectronic text
700 1 _aAnonymous
830 0 _aProject Gutenberg
_v45381
856 4 0 _uhttp://www.gutenberg.org/ebooks/45381
942 _cEB
999 _c274632
_d274632